LDR 00806naa#a2200169#i#450# 001 RU\\bibl\120493 005 20260517014618.7 011 ## _a2712-7516 100 ## _a20260508b2026####ek#y0rusy0150####ca 102 ## _aRU 200 1# _aМногомерные модели оценки качества управления коммерческой недвижимостью в условиях цифровой трансформации _eЖурнальная статья 210 1# _aМосква _cУниверситет ИТБО _d2026 215 ## _a0 с. 608 ## _aЖурнальная статья _2local 675 ## _aРучной труд. Механизация. Индустриализация. Автоматизация. 65.011.5 _z 700 #1 _aОрлов _gДмитрий Николаевич 856 4# _ajomeam.ru _u